RvB Freelancers and AI Quiz Stats

 Plays Quiz not verified by Sporcle

Also try: 16 Animated Kids
Challenge
Share
Tweet
Embed
Score 0/9 Timer 10:00
0 Plays Today
Armour Color Freelancers % Correct
WhiteWyoming and Gamma
84.6%
BlackTexas and Omega
83.3%
Black and YellowWashington and Epsilon
73.1%
Dark PurpleNorth Dakota and Theta
70.5%
White and GrayMaine and Sigma
70.5%
Light PurpleSouth Dakota
59%
YellowNew York and Delta
53.8%
BrownConnecticut
47.4%
TealNorth Carolina and Eta
23.1%

You're not logged in!

Compare scores with friends on all Sporcle quizzes.
Join for Free
OR
Log In

You Might Also Like...

Show Comments

Extras

Created Apr 21, 2016ReportNominate
Tags:Color Quiz, armour, free, lance

Top Quizzes Today


Score Distribution

Your Account Isn't Verified!

In order to create a playlist on Sporcle, you need to verify the email address you used during registration. Go to your Sporcle Settings to finish the process.

Report this User

Report this user for behavior that violates our Community Guidelines.

Details: